[Event "ESP-ch 88th"]
[Site "Marbella"]
[Date "2023.10.17"]
[Round "5"]
[White "Pares Vives, Natalia"]
[Black "Hernandez Tellez, Claudia"]
[Result "0-1"]
[WhiteElo "2175"]
[BlackElo "1969"]
[PlyCount "157"]
[EventDate "2023.10.13"]
[EventType "swiss"]
[EventRounds "9"]
[EventCountry "ESP"]
[SourceTitle "Mega2024 Update 01"]
[Source "Chessbase"]
[SourceDate "2023.11.12"]
[SourceVersion "1"]
[SourceVersionDate "2023.11.12"]
[SourceQuality "1"]

1. Nf3 d5 2. c4 e6 3. d4 Nf6 4. g3 Bb4+ 5. Bd2 Be7 6. Bg2 Nbd7 7. 0-0 c6 8. b3 Ne4 9. Bf4 g5 10. Be3 0-0 11. Qc2 f5 12. Nc3 Bf6 13. Rad1 Qe7 14. Ne1 Nd6 15. Nb1 b6 16. Nd3 Bb7 17. Nd2 Qg7 18. Nf3 Rac8 19. Qc1 Nf7 20. h4 h6 21. hxg5 hxg5 22. cxd5 cxd5 23. Qa3 a5 24. Qb2 Ba6 25. Nde5 Nfxe5 26. dxe5 Nxe5 27. Nxe5 Bxe5 28. Bd4 Bxd4 29. Rxd4 Rc6 30. Re1 Rfc8 31. e3 Rc2 32. Qa3 Qf8 33. Qa4 Qe8 34. g4 Qxa4 35. Rxa4 fxg4 36. e4 Rc1 37. Rxc1 Rxc1+ 38. Kh2 dxe4 39. Rxe4 Kf7 40. Rxg4 Kf6 41. Rd4 Rc2 42. Kg1 Ke7 43. Rg4 Rxa2 44. Rxg5 Kd6 45. Bh3 Ra1+ 46. Kh2 Bb7 47. Rb5 Bc6 48. Rxb6 Kc7 49. Rxc6+ Kxc6 50. Bxe6 Kd6 51. Bg8 Ke5 52. Kg2 Kf4 53. Bc4 Rd1 54. Be6 Re1 55. Bc4 Rc1 56. Bd5 Rc5 57. Bf7 Rg5+ 58. Kf1 Kf3 59. Bc4 Re5 60. Bd3 Rc5 61. Be2+ Ke4 62. Bg4 Kf4 63. Be2 Rc1+ 64. Kg2 Rc3 65. Bd1 Ke4 66. Kf1 Kd3 67. Ke1 Rc5 68. Bg4 Re5+ 69. Kf1 Kc2 70. f4 Re7 71. f5 Re4 72. Bh3 Kxb3 73. Kf2 Kc4 74. Kf3 Kd5 75. Bf1 Ke5 76. Bd3 Rb4 77. Ke3 a4 78. Kd2 a3 79. f6 0-1

[Event "Benalmadena Rapid op 1st"]
[Site "Benalmadena"]
[Date "2023.02.26"]
[Round "6"]
[White "Hernandez Tellez, Claudia"]
[Black "Blanco Acevedo, Cristobal Jose"]
[Result "0-1"]
[WhiteElo "1896"]
[BlackElo "2325"]
[PlyCount "76"]
[EventDate "2023.02.25"]
[EventType "swiss (rapid)"]
[EventRounds "9"]
[EventCountry "ESP"]
[SourceTitle "CBM 212 Extra"]
[Source "ChessBase"]
[SourceDate "2023.03.31"]
[SourceVersion "1"]
[SourceVersionDate "2023.03.31"]
[SourceQuality "1"]

1. e4 c5 2. Nf3 Nc6 3. d4 cxd4 4. Nxd4 Nf6 5. Nc3 e5 6. Ndb5 d6 7. Bg5 a6 8. Bxf6 gxf6 9. Na3 b5 10. Nd5 f5 11. c3 Bg7 12. Bd3 Be6 13. 0-0 0-0 14. Nc2 f4 15. Qh5 h6 16. Rad1 Rc8 17. Kh1 Kh8 18. Ne1 Qg5 19. Be2 f5 20. Qxg5 hxg5 21. Nf3 Bh6 22. Nb6 Rcd8 23. Bd3 Ne7 24. exf5 Nxf5 25. Be4 g4 26. Nd2 d5 27. Bxf5 Rxf5 28. a4 Rd6 29. a5 Bf8 30. Rfe1 Bf7 31. b3 f3 32. gxf3 gxf3 33. Re3 e4 34. b4 Bh6 35. Ree1 Bxd2 36. Rxd2 Rh6 37. Red1 Rfh5 38. Kg1 Rxh2 0-1

[Event "Benalmadena Rapid op 1st"]
[Site "Benalmadena"]
[Date "2023.02.26"]
[Round "8"]
[White "Hernandez Tellez, Claudia"]
[Black "Reyes Betancourt, Ahmed"]
[Result "1/2-1/2"]
[WhiteElo "1896"]
[BlackElo "2166"]
[PlyCount "69"]
[EventDate "2023.02.25"]
[EventType "swiss (rapid)"]
[EventRounds "9"]
[EventCountry "ESP"]
[SourceTitle "CBM 212 Extra"]
[Source "ChessBase"]
[SourceDate "2023.03.31"]
[SourceVersion "1"]
[SourceVersionDate "2023.03.31"]
[SourceQuality "1"]

1. e4 e5 2. Nf3 Nc6 3. Bb5 a6 4. Ba4 Nf6 5. 0-0 Be7 6. Re1 b5 7. Bb3 0-0 8. c3 d5 9. exd5 Nxd5 10. Nxe5 Nxe5 11. Rxe5 c6 12. d4 Bd6 13. Re1 Qh4 14. g3 Qh3 15. Qf3 Bg4 16. Qg2 Qh5 17. Be3 Rae8 18. Nd2 Re6 19. Bd1 Bxd1 20. Raxd1 Rfe8 21. Qf3 Qxf3 22. Nxf3 Nxe3 23. fxe3 Rxe3 24. Rxe3 Rxe3 25. Kf2 Re6 26. d5 Bc5+ 27. Kf1 Rd6 28. b4 Bb6 29. Re1 g6 30. dxc6 Rxc6 31. Rc1 f6 32. Ke2 Re6+ 33. Kd1 Rc6 34. Kc2 Kf7 35. Rd1 1/2-1/2

[Event "ESP-ch 87th"]
[Site "Linares"]
[Date "2022.08.13"]
[Round "3"]
[White "Hernandez Tellez, Claudia"]
[Black "Masague Artero, Guerau"]
[Result "0-1"]
[WhiteElo "2005"]
[BlackElo "2319"]
[PlyCount "76"]
[EventDate "2022.08.11"]
[EventType "swiss"]
[EventRounds "9"]
[EventCountry "ESP"]
[SourceTitle "CBM 209 Extra"]
[Source "ChessBase"]
[SourceDate "2022.09.30"]
[SourceVersion "1"]
[SourceVersionDate "2022.09.30"]
[SourceQuality "1"]

1. e4 c5 2. Nf3 Nc6 3. d4 cxd4 4. Nxd4 Nf6 5. Nc3 e5 6. Ndb5 d6 7. Bg5 a6 8. Na3 b5 9. Bxf6 gxf6 10. Nd5 f5 11. c3 Bg7 12. exf5 Bxf5 13. Nc2 0-0 14. Nce3 Be6 15. Bd3 f5 16. 0-0 Kh8 17. Qh5 e4 18. Bc2 Ra7 19. Nf4 Qf6 20. g4 Ne7 21. Nxe6 Qxe6 22. gxf5 Nxf5 23. Bb3 Qe5 24. Nxf5 Rxf5 25. Qe2 Bh6 26. f3 exf3 27. Qxe5+ dxe5 28. Rad1 e4 29. Rd8+ Kg7 30. Bc2 Re7 31. Kf2 e3+ 32. Ke1 Bg5 33. Rd4 Rf6 34. Rg4 e2 35. Rf2 Kh6 36. Be4 Bd2+ 37. Kxd2 Rd6+ 38. Kc2 e1Q 0-1

[Event "ESP-ch U16"]
[Site "Salobrena"]
[Date "2022.07.27"]
[Round "5"]
[White "Roquero Redondo, Miguel"]
[Black "Hernandez Tellez, Claudia"]
[Result "1/2-1/2"]
[WhiteElo "1801"]
[BlackElo "2020"]
[PlyCount "68"]
[EventDate "2022.07.25"]
[EventType "swiss"]
[EventRounds "9"]
[EventCountry "ESP"]
[SourceTitle "EXT 2023"]
[Source "ChessBase"]
[SourceDate "2022.10.05"]
[SourceVersion "1"]
[SourceVersionDate "2022.10.05"]
[SourceQuality "1"]

1. e4 c5 2. Nf3 d6 3. d4 cxd4 4. Nxd4 Nf6 5. Nc3 e5 6. Nf3 h6 7. Be2 Be7 8. 0-0 Be6 9. Re1 Nc6 10. h3 0-0 11. Bf1 Rc8 12. b3 a6 13. Nd5 b5 14. c4 bxc4 15. Bxc4 Bxd5 16. exd5 Nb8 17. Qe2 a5 18. Ba3 Nbd7 19. Red1 Ne8 20. Ba6 Rc7 21. Rac1 f5 22. Bb5 Nef6 23. Rxc7 Qxc7 24. Rc1 Qa7 25. Qc4 Nb6 26. Qc7 Qxc7 27. Rxc7 Nfxd5 28. Rb7 e4 29. Nd4 f4 30. Bc4 Kh8 31. Nc6 Bh4 32. Bb2 Rg8 33. Bd4 Nxc4 34. bxc4 Nb4 1/2-1/2

[Event "ESP-ch States U16"]
[Site "Isla"]
[Date "2022.06.26"]
[Round "6"]
[White "Hernandez Tellez, Claudia"]
[Black "Almeida Cubas, Mirella"]
[Result "1-0"]
[WhiteElo "1994"]
[BlackElo "1628"]
[PlyCount "65"]
[EventDate "2022.06.23"]
[EventType "swiss"]
[EventRounds "6"]
[EventCountry "ESP"]
[SourceTitle "EXT 2023"]
[Source "ChessBase"]
[SourceDate "2022.10.05"]
[SourceVersion "1"]
[SourceVersionDate "2022.10.05"]
[SourceQuality "1"]

1. e4 c5 2. Nf3 Nc6 3. d4 cxd4 4. Nxd4 g6 5. c4 Nf6 6. Nc3 d6 7. Be2 Nxd4 8. Qxd4 Bg7 9. Be3 0-0 10. Qd2 a5 11. Rc1 a4 12. f3 Qa5 13. Kf2 Be6 14. Nd5 Bxd5 15. Qxa5 Rxa5 16. cxd5 Rb8 17. Bb6 Raa8 18. Rc7 Kf8 19. Rhc1 Ne8 20. R7c2 Bh6 21. Be3 Bxe3+ 22. Kxe3 b5 23. Kd4 Nf6 24. Rc7 Ke8 25. f4 Nd7 26. Bxb5 e5+ 27. dxe6 fxe6 28. Bxd7+ Kd8 29. Bxe6 Rxb2 30. Rd7+ Ke8 31. Rcc7 Rxg2 32. Rxh7 Kd8 33. Rcd7+ 1-0

[Event "La Roda op 47th"]
[Site "La Roda"]
[Date "2021.12.04"]
[Round "2"]
[White "Hernandez Tellez, Claudia"]
[Black "Fernandez Barrera, Victor"]
[Result "0-1"]
[WhiteElo "2020"]
[BlackElo "2281"]
[PlyCount "76"]
[EventDate "2021.12.04"]
[EventType "swiss"]
[EventRounds "9"]
[EventCountry "ESP"]
[SourceTitle "CBM 205 Extra"]
[Source "ChessBase"]
[SourceDate "2022.01.31"]
[SourceVersion "1"]
[SourceVersionDate "2022.01.31"]
[SourceQuality "1"]

1. e4 e6 2. d4 d5 3. Nd2 Nc6 4. Ngf3 Nf6 5. e5 Nd7 6. c3 f6 7. exf6 Qxf6 8. Bb5 Bd6 9. 0-0 0-0 10. Nb3 e5 11. c4 a6 12. Bxc6 bxc6 13. c5 e4 14. Ne1 Be7 15. Na5 Qg6 16. Nc2 Rf6 17. Ne3 Nf8 18. f4 exf3 19. Rxf3 Bd7 20. Rxf6 Bxf6 21. Nb3 Re8 22. Bd2 Qd3 23. Qf1 Rxe3 24. Bxe3 Qxe3+ 25. Kh1 Ne6 26. Re1 Qg5 27. Qxa6 h5 28. Qd3 h4 29. h3 Nf4 30. Qd2 Qg3 31. Re3 Qg6 32. Rf3 Nh5 33. a4 Ng3+ 34. Kh2 Qe4 35. Qd1 Bc8 36. a5 Ba6 37. Qc1 Qe2 38. Nd2 Bg5 0-1

[Event "ESP-ch U16"]
[Site "Salobrena"]
[Date "2021.07.23"]
[Round "8"]
[White "Diaz Perez, Michel Alejandro"]
[Black "Hernandez Tellez, Claudia"]
[Result "1/2-1/2"]
[WhiteElo "2459"]
[BlackElo "1953"]
[PlyCount "60"]
[EventDate "2021.07.19"]
[EventType "swiss"]
[EventRounds "9"]
[EventCountry "ESP"]
[SourceTitle "EXT 2022"]
[Source "ChessBase"]
[SourceDate "2021.10.06"]
[SourceVersion "1"]
[SourceVersionDate "2021.10.06"]
[SourceQuality "1"]

1. d4 d5 2. Bf4 Nf6 3. e3 e6 4. Nf3 c5 5. c3 Bd6 6. Bg3 0-0 7. Nbd2 Nc6 8. Bb5 a6 9. Bxc6 bxc6 10. Qa4 Bxg3 11. hxg3 Qd6 12. Qa3 Rd8 13. Qxc5 Qxc5 14. dxc5 Nd7 15. b4 e5 16. e4 f6 17. 0-0 Nf8 18. Rfd1 Bg4 19. Re1 Ne6 20. Nb3 Bxf3 21. gxf3 d4 22. cxd4 Nxd4 23. Nxd4 Rxd4 24. Rab1 Rb8 25. a3 Rd3 26. Re3 Rd2 27. Ree1 Rd3 28. Re3 Rd2 29. Ree1 Rd3 30. Re3 Rd2 1/2-1/2

[Event "ESP-ch U16"]
[Site "Salobrena"]
[Date "2021.07.21"]
[Round "4"]
[White "Sureda Gonzalez, Miquel"]
[Black "Hernandez Tellez, Claudia"]
[Result "0-1"]
[WhiteElo "1776"]
[BlackElo "1953"]
[PlyCount "122"]
[EventDate "2021.07.19"]
[EventType "swiss"]
[EventRounds "9"]
[EventCountry "ESP"]
[SourceTitle "EXT 2022"]
[Source "ChessBase"]
[SourceDate "2021.10.06"]
[SourceVersion "1"]
[SourceVersionDate "2021.10.06"]
[SourceQuality "1"]

1. e4 d6 2. d4 Nf6 3. Nc3 g6 4. f4 Bg7 5. Nf3 0-0 6. Bd3 Nc6 7. 0-0 e5 8. dxe5 dxe5 9. f5 Nb4 10. fxg6 hxg6 11. Be2 Qxd1 12. Bxd1 Bg4 13. a3 Bxf3 14. Rxf3 Nc6 15. Bg5 Nh7 16. Be3 Nd4 17. Rh3 c6 18. Ne2 b6 19. c3 Ne6 20. Rg3 Nf6 21. Bc2 Rad8 22. Rf1 Rd6 23. Rgf3 Ng4 24. Bc1 Bh6 25. Bxh6 Nxh6 26. Rd3 Rxd3 27. Bxd3 Rd8 28. Nc1 Nc5 29. Rf3 Na4 30. Rf2 Ng4 31. Re2 Nc5 32. Bc2 Nf6 33. Nb3 Nxb3 34. Bxb3 Nh5 35. g3 Kg7 36. Rf2 Nf6 37. Re2 Rd6 38. Kg2 Nd7 39. Rf2 f6 40. Bc2 Nc5 41. Kg1 Nb7 42. b4 Nd8 43. Re2 Ne6 44. h4 Nf8 45. Kh2 Nd7 46. Kh3 Nf8 47. Rf2 Ne6 48. Bb3 Nc7 49. Bc4 Rd1 50. Re2 Kf8 51. a4 Ke7 52. Kg4 Ne8 53. Kf3 Nd6 54. Bb3 Rd3+ 55. Re3 Rd2 56. c4 c5 57. b5 Rd4 58. Ba2 Nxc4 59. Bxc4 Rxc4 60. Ra3 Rb4 61. g4 c4 0-1

[Event "ESP-ch U16"]
[Site "Salobrena"]
[Date "2021.07.20"]
[Round "3"]
[White "Hernandez Tellez, Claudia"]
[Black "Portero Bravo, Aitana"]
[Result "1-0"]
[WhiteElo "1953"]
[BlackElo "1685"]
[PlyCount "181"]
[EventDate "2021.07.19"]
[EventType "swiss"]
[EventRounds "9"]
[EventCountry "ESP"]
[SourceTitle "EXT 2022"]
[Source "ChessBase"]
[SourceDate "2021.10.06"]
[SourceVersion "1"]
[SourceVersionDate "2021.10.06"]
[SourceQuality "1"]

1. e4 d6 2. d4 Nf6 3. f3 e5 4. d5 Be7 5. Be3 c6 6. c4 0-0 7. Bd3 b6 8. Ne2 Ba6 9. b4 cxd5 10. cxd5 Bxd3 11. Qxd3 a6 12. 0-0 Nbd7 13. Nd2 a5 14. a3 Ne8 15. Nc3 Nc7 16. Nb5 Nxb5 17. Qxb5 f5 18. Rfc1 fxe4 19. Nxe4 Rb8 20. Rc6 axb4 21. axb4 Nf6 22. Rxb6 Rxb6 23. Nxf6+ Bxf6 24. Qxb6 Qxb6 25. Bxb6 Rb8 26. Ra6 e4 27. Kf1 exf3 28. gxf3 Bc3 29. b5 Be5 30. h3 h6 31. Ke2 Kh7 32. Ke3 Bh2 33. Kd3 Be5 34. Ke4 g5 35. Bd4 Bxd4 36. Kxd4 Rxb5 37. Rxd6 Rb1 38. Re6 Rd1+ 39. Ke5 Kg7 40. Kd6 Rd3 41. Re7+ Kg6 42. Re6+ Kg7 43. Re5 Rxf3 44. Ke7 Rf7+ 45. Kd8 Rf8+ 46. Re8 Rf6 47. Re6 Rf8+ 48. Kd7 Rf3 49. d6 Rxh3 50. Ke7 Ra3 51. d7 Ra7 52. Kd6 Ra6+ 53. Kd5 Ra1 54. Kc6 Rc1+ 55. Kb7 Kf7 56. d8Q Kxe6 57. Qb6+ Kf5 58. Qf2+ Kg4 59. Qe2+ Kf5 60. Qh5 Rg1 61. Qf3+ Kg6 62. Qd3+ Kh5 63. Qh3+ Kg6 64. Kc6 g4 65. Qd3+ Kh5 66. Qf5+ Kh4 67. Qf2+ Rg3 68. Kd5 h5 69. Qh2+ Rh3 70. Qe5 Rf3 71. Ke4 Rg3 72. Kf5 Kh3 73. Kg5 Rf3 74. Qh8 Kg2 75. Qxh5 Rh3 76. Qe8 g3 77. Qe2+ Kg1 78. Kg4 Rh2 79. Qe1+ Kg2 80. Qxg3+ Kh1 81. Qe1+ Kg2 82. Qe3 Kh1 83. Qd3 Kg2 84. Qc3 Kh1 85. Qb3 Kg2 86. Qd3 Kg1 87. Qd1+ Kg2 88. Qe2+ Kg1 89. Qe4 Rg2+ 90. Kh3 Rf2 91. Qe1+ 1-0

[Event "ESP-ch U14"]
[Site "Salobrena"]
[Date "2020.08.07"]
[Round "7"]
[White "Hernandez Tellez, Claudia"]
[Black "Lozano Hernanz, Rodrigo"]
[Result "1-0"]
[WhiteElo "1674"]
[BlackElo "1554"]
[PlyCount "61"]
[EventDate "2020.08.03"]
[EventType "swiss"]
[EventRounds "9"]
[EventCountry "ESP"]
[SourceTitle "EXT 2021"]
[Source "ChessBase"]
[SourceDate "2020.10.23"]
[SourceVersion "1"]
[SourceVersionDate "2020.10.23"]
[SourceQuality "1"]

1. e4 e5 2. Nc3 Nf6 3. f4 d5 4. fxe5 Nxe4 5. Qf3 Nxc3 6. dxc3 Nc6 7. Bb5 a6 8. Bxc6+ bxc6 9. Ne2 Bc5 10. Be3 Bxe3 11. Qxe3 0-0 12. 0-0 Bb7 13. e6 Qe7 14. Rxf7 Rxf7 15. exf7+ Qxf7 16. Rf1 Qg6 17. Qf4 Qd6 18. Qf7+ Kh8 19. Nd4 h6 20. Ne6 Qe5 21. Nf8 Qe4 22. Qxc7 Qe3+ 23. Kh1 Qe2 24. Qf7 c5 25. Qf5 Rxf8 26. Qxf8+ Kh7 27. Qf5+ Kg8 28. Qf2 Qe4 29. Re1 Qg6 30. Qg3 Qb6 31. Re8+ 1-0

[Event "ESP-ch U14"]
[Site "Salobrena"]
[Date "2020.08.06"]
[Round "6"]
[White "Ermachenko, Manuel"]
[Black "Hernandez Tellez, Claudia"]
[Result "1-0"]
[WhiteElo "2101"]
[BlackElo "1674"]
[PlyCount "31"]
[EventDate "2020.08.03"]
[EventType "swiss"]
[EventRounds "9"]
[EventCountry "ESP"]
[SourceTitle "EXT 2021"]
[Source "ChessBase"]
[SourceDate "2020.10.23"]
[SourceVersion "1"]
[SourceVersionDate "2020.10.23"]
[SourceQuality "1"]

1. e4 g6 2. d4 Bg7 3. Nf3 d6 4. Nc3 Nf6 5. Bg5 c6 6. Qd2 Nbd7 7. 0-0-0 0-0 8. e5 Ne8 9. h4 b5 10. h5 Nb6 11. Bh6 Bf5 12. Bxg7 Nxg7 13. Qh6 b4 14. Ng5 Re8 15. Qxh7+ Kf8 16. Qh8# 1-0

[Event "ESP-ch U14"]
[Site "Salobrena"]
[Date "2020.08.05"]
[Round "4"]
[White "Ribera Veganzones, Serni"]
[Black "Hernandez Tellez, Claudia"]
[Result "1-0"]
[WhiteElo "1953"]
[BlackElo "1674"]
[PlyCount "69"]
[EventDate "2020.08.03"]
[EventType "swiss"]
[EventRounds "9"]
[EventCountry "ESP"]
[SourceTitle "EXT 2021"]
[Source "ChessBase"]
[SourceDate "2020.10.23"]
[SourceVersion "1"]
[SourceVersionDate "2020.10.23"]
[SourceQuality "1"]

1. e4 g6 2. d4 Bg7 3. Nc3 d6 4. g3 Nf6 5. Bg2 0-0 6. Nge2 c6 7. 0-0 e5 8. a4 a5 9. h3 Na6 10. Be3 Qc7 11. f4 exd4 12. Bxd4 Nb4 13. Qd2 d5 14. e5 Nd7 15. g4 Nb6 16. b3 h5 17. Bc5 hxg4 18. Bxf8 Kxf8 19. hxg4 Bxg4 20. Rae1 Ke7 21. Nd4 Rh8 22. f5 Bh6 23. Qf2 g5 24. f6+ Kd8 25. e6 Bg7 26. Qe3 Qh2+ 27. Kf2 Bxf6 28. Rh1 Qe5 29. Qxe5 Bxe5 30. Rxe5 Rxh1 31. Bxh1 f6 32. Re1 Ke7 33. Bf3 Bxf3 34. Kxf3 c5 35. Nf5+ 1-0

[Event "ESP-ch U14"]
[Site "Salobrena"]
[Date "2020.08.04"]
[Round "3"]
[White "Siscar Conill, Aitor"]
[Black "Hernandez Tellez, Claudia"]
[Result "1-0"]
[WhiteElo "1826"]
[BlackElo "1674"]
[PlyCount "97"]
[EventDate "2020.08.03"]
[EventType "swiss"]
[EventRounds "9"]
[EventCountry "ESP"]
[SourceTitle "EXT 2021"]
[Source "ChessBase"]
[SourceDate "2020.10.23"]
[SourceVersion "1"]
[SourceVersionDate "2020.10.23"]
[SourceQuality "1"]

1. e4 d6 2. d4 Nf6 3. Nc3 g6 4. f3 c6 5. Be3 b5 6. Qd2 Qa5 7. Nce2 Qxd2+ 8. Bxd2 a5 9. Nf4 Nbd7 10. c4 bxc4 11. Bxc4 Bg7 12. Nge2 c5 13. dxc5 Nxc5 14. Bc3 0-0 15. b3 Ba6 16. Bxa6 Rxa6 17. 0-0 Rc8 18. Rac1 Raa8 19. Bxf6 Bxf6 20. Nd5 Nd7 21. Nxf6+ Nxf6 22. Rxc8+ Rxc8 23. Rc1 Rxc1+ 24. Nxc1 d5 25. exd5 Nxd5 26. Kf2 Kf8 27. g3 Ke8 28. Nd3 Nc3 29. a4 Nd5 30. Ne5 Nb4 31. Ke3 f6 32. Nc4 Nc6 33. Ke4 e6 34. Ne3 Kd7 35. Nc4 Ke8 36. f4 Kd7 37. Kd3 e5 38. fxe5 fxe5 39. Ke4 Ke6 40. g4 g5 41. h3 h6 42. Kd3 Kd7 43. Ne3 Nd8 44. Kc4 Kc6 45. Nf5 Nf7 46. b4 Nd6+ 47. Nxd6 Kxd6 48. bxa5 e4 49. Kd4 1-0

[Event "Gibraltar U16 op"]
[Site "Caleta"]
[Date "2019.08.18"]
[Round "5"]
[White "Hirst, Joe"]
[Black "Hernandez Tellez, Claudia"]
[Result "1-0"]
[WhiteElo "1639"]
[BlackElo "1711"]
[PlyCount "107"]
[EventDate "2019.08.16"]
[EventType "swiss"]
[EventRounds "6"]
[EventCountry "GGB"]
[SourceTitle "CBM 195 Extra"]
[Source "ChessBase"]
[SourceDate "2020.05.31"]
[SourceVersion "1"]
[SourceVersionDate "2020.05.31"]
[SourceQuality "1"]

1. e4 c5 2. Nf3 Nc6 3. d4 cxd4 4. Nxd4 g6 5. c4 Nf6 6. Nc3 d6 7. Be2 Nxd4 8. Qxd4 Bg7 9. Be3 0-0 10. Qd2 Be6 11. f3 Qa5 12. a3 Rfc8 13. Nd5 Qxd2+ 14. Bxd2 Nxd5 15. exd5 Bd7 16. Rb1 Bf5 17. Ra1 Bxb2 18. Ra2 Bd4 19. a4 b6 20. Bf4 Rc5 21. Kd2 Rb8 22. Bd3 Bxd3 23. Kxd3 Bf6 24. g4 Rbc8 25. Rc1 Kf8 26. g5 Bg7 27. Rcc2 Rb8 28. Ra3 Ke8 29. Re2 Kd7 30. Re4 a6 31. Be3 Rc7 32. Rb3 Rcb7 33. Rh4 Rh8 34. Rxb6 Rxb6 35. Bxb6 h5 36. gxh6 Rxh6 37. Rxh6 Bxh6 38. c5 dxc5 39. Kc4 Be3 40. Bxc5 Bxc5 41. Kxc5 Kc7 42. f4 f6 43. h4 f5 44. a5 Kb7 45. d6 e6 46. Kd4 Kc6 47. Ke5 Kd7 48. Kf6 Kxd6 49. Kxg6 e5 50. fxe5+ Kxe5 51. h5 f4 52. h6 f3 53. h7 f2 54. h8Q+ 1-0